000 01210nam a2200289Ia 4500
003 OSt
005 20221005105612.0
006 a|||||r|||| 00| 0
007 ta
008 221004b |||||||| |||| 00| 0 hin d
020 _a9788123714332 (pbk)
_cINR 85.00
024 _a37908
037 _bBW/1661, 14/03/2018, Bookwell
_cTextual
040 _aCRL
_cCRL
_bhin
041 _2hin
_ahin
082 _aV2:51z7, 152Q5
100 _aअग्रवाल, बालमुकुंद
245 0 _aआजादी के मुकदमे 1858 - 1946
246 _aĀjādī ke mukadame 1858 - 1946
260 _aनई दिल्ली
_bराष्ट्रीय पुस्तक न्यास भारत
_c2015
300 _a180पृ0
_ccm.
650 _a स्वतंत्रता सेनानी
650 _aभारत-इतिहास
_9156353
700 _a छाबड़ा, विद्या निधि, अनु.
_9166491
942 _hV2:51z7, 152Q5
_cTEXL
_2cc
999 _c1016313
_d1016313